Contemporary Computing (Record no. 21674)
[ view plain ]
| 000 -LEADER | |
|---|---|
| fixed length control field | 00367nam a22001337a 4500 |
| 008 - FIXED-LENGTH DATA ELEMENTS--GENERAL INFORMATION | |
| fixed length control field | 260112b |||||||| |||| 00| 0 eng d |
| 082 ## - DEWEY DECIMAL CLASSIFICATION NUMBER | |
| Classification number | 104.35 |
| 100 ## - MAIN ENTRY--AUTHOR NAME | |
| Personal name | Sanjay Ranka |
| 245 ## - TITLE STATEMENT | |
| Title | Contemporary Computing |
| Sub Title | Communications in Computer and Information Sciences |
| 260 ## - PUBLICATION, DISTRIBUTION, ETC. (IMPRINT) | |
| Place of publication | New Delhi |
| Name of publisher | Springer |
| Year of publication | 2009 |
| 300 ## - PHYSICAL DESCRIPTION | |
| Number of Pages | 662 |
| 942 ## - ADDED ENTRY ELEMENTS (KOHA) | |
| Source of classification or shelving scheme | Dewey Decimal Classification |
| Koha item type | Books |
No items available.